Kwa nini fisi hucheka / (Record no. 14346)

MARC details
000 -LEADER
fixed length control field 00497cam a22001812 4500
001 - CONTROL NUMBER
control field 0000008320
005 - DATE AND TIME OF LATEST TRANSACTION
control field 20151217160115.0
008 - FIXED-LENGTH DATA ELEMENTS--GENERAL INFORMATION
fixed length control field 080305s xx 000 0 eng d
020 ## - INTERNATIONAL STANDARD BOOK NUMBER
International Standard Book Number 9966464158 :
Terms of availability KES 165
040 ## - CATALOGING SOURCE
Original cataloging agency KABU
Transcribing agency KABU
100 1# - MAIN ENTRY--PERSONAL NAME
Personal name Kola, Pamela.
-- 0000156809
245 10 - TITLE STATEMENT
Title Kwa nini fisi hucheka /
Statement of responsibility, etc. Pamela Kola.
260 ## - PUBLICATION, DISTRIBUTION, ETC. (IMPRINT)
Place of publication, distribution, etc. Nairobi :
Name of publisher, distributor, etc. E. A. E. P.,
Date of publication, distribution, etc. 1994.
300 ## - PHYSICAL DESCRIPTION
Extent 21 p.
908 ## - PUT COMMAND PARAMETER (RLIN)
Put command parameter 080305
950 ## - LOCAL HOLDINGS (RLIN)
-- 1
Holdings
Withdrawn status Lost status Source of classification or shelving scheme Not for loan Home library Current library Date acquired Total Checkouts Full call number Barcode Date last seen Price effective from Koha item type
    Library of Congress Classification   Kabarak, Main Campus Kabarak, Main Campus 17/12/2015   PZ90 .S94K6K94 011632 17/12/2015 17/12/2015 Children Collection
Designed with assistance from East African Informatics Ltd